02622cam a22003974i 4500003000900000005001700009008004100026035002000067040003300087100005100120245021500171264001000386300003900396336002100435337002500456338002300481502005900504504002400563520140200587526001001989526001001999526000902009526000902018526000902027526000902036526000902045526000902054526000902063526000802072526000802080526000802088526000802096526000802104650007202112700004002184PE-LiUPU20250731165406.0151012s2015 pe a grm 000 0 spa d a(Sirsi) a154826 aPE-LiUPUbspacPE-LiUPUerda1 aEscobedo Jiménez, Priscila Alejandra,eautor1 aFactores familiares, individuales y socioculturales asociados con el inicio de las relaciones sexuales en los estudiantes del 3er. y 4to año de secundaria de la I.E. N° 787 Almirante Miguel Grau, Chaclacayo. 0c2015. a97 hojas : bilustraciones;c30 cm atext2rdacontent aunmediated2rdamedia avolume2rdacarrier aTesisb(Lic.) -- cUniversidad Peruana Unión,d2015. aIncluye referencias3 aEl objetivo de este estudio fue determinar los factores de tipo familiar, individual y sociocultural que pudieran asociarse al inicio de las relaciones sexuales en los estudiantes del 3er y 4to año de secundaria de la I.E. N° 787 Almirante Miguel Grau, Chaclacayo, Lima - Perú. El estudio fue de tipo correlacional, de corte transversal y de diseño no experimental. Se utilizó el muestreo no probabilístico, el grupo de participantes estuvo conformado por 124 estudiantes del 3er y 4to año de secundaria de 14 a 19 años. El instrumento utilizado fue un cuestionario para determinar los factores familiares, individuales y socioculturales que se asocian al inicio de relaciones sexuales, diseñado y validado por Gamarra-Tenorio (2009). En los resultados se encontró que el 23.4% inició su actividad sexual, en los factores familiares se encontró asociación significativa con: la función de la madre (p=0.019) y la actitud de padres fuente a temas de sexualidad (p=0.012). En los factores individuales, asociación significativa con: la repitencia escolar (p=0.000), la presencia de enamorado(a) (p=0.000), el consumo de cigarrillos (p=0.011), observar pornografía (p=0.005). Y por último, en los factores socioculturales encontramos que el nivel de conocimientos sobre sexualidad (p=0.032) está asociado significativamente con el inicio de las relaciones sexuales. aSEG44 aSEG26 aP151 aP150 aP149 aP146 aP145 aP126 aP125 aP92 aP75 aP74 aP27 aP1504aEstudiantes de secundariax Relaciones sexualesxAspectos sociales.1 aCoca Mamani, Lourdes Danielaeautor